| 000 | 00657nam a2200253Ia 4500 | ||
|---|---|---|---|
| 005 | 20260121154859.0 | ||
| 008 | 008 260114s9999 xx 000 0 eng d | ||
| 020 | _a9781003339595 | ||
| 037 | _aEBOOK | ||
| 040 | _aCRL | ||
| 040 | _beng | ||
| 040 | _cCRL | ||
| 041 | _2eng | ||
| 041 | _aeng | ||
| 084 | _qCRL | ||
| 100 |
_a Bipin Singh Koranga; Sanjay Kumar Padaliya; Vivek Kumar Nautiyal _91012647 |
||
| 245 | 0 | _aSpecial Functions and their Application | |
| 260 | _bTaylor and Francis | ||
| 260 | _c2021 | ||
| 856 | _uhttp://www.taylorfrancis.com/books/9781003339595 | ||
| 942 | _cEBOOK | ||
| 999 |
_c1579466 _d1579466 |
||